MARC

LEADER 00000nam0a2200000 4500
001 47659
005 20231031030344.0
010 |a 5211046641 
010 |a 5-06-004341-X 
035 |a (RuTPU)RU\TPU\book\49775 
090 |a 47659 
100 |a 20030219d2002 m y0rusy50 ca 
101 0 |a rus 
102 |a RU 
105 |a a j 001zy 
200 1 |a Биогеография с основами экологии  |e учебник  |f А. Г. Воронов, Н. Н. Дроздов, Д. А. Криволуцкий, Е. Г. Мяло 
205 |a 4-е изд. 
210 |a Москва  |c Изд-во МГУ  |c Высшая школа  |d 2002 
215 |a 392 с.  |c ил. 
320 |a Библиогр.: с. 382-384. 
320 |a Предм.: с. 385-389. 
610 1 |a экология 
610 1 |a биогеография 
610 1 |a биосфера 
610 1 |a организованность 
610 1 |a биологическая продуктивность 
610 1 |a биогенный круговорот 
610 1 |a эволюция 
610 1 |a биоценоз 
610 1 |a структура 
610 1 |a свойства 
610 1 |a суша 
610 1 |a живой покров 
610 1 |a ареал 
610 1 |a острова 
610 1 |a островные биоты 
610 1 |a флора 
610 1 |a фауна 
610 1 |a районирование 
610 1 |a биомы 
610 1 |a Мировой Океан 
610 1 |a биологические ресурсы 
610 1 |a моря 
610 1 |a Россия 
610 1 |a пресная вода 
610 1 |a геногеография 
610 1 |a генофонд 
610 1 |a генетика 
610 1 |a микроэволюция 
610 1 |a группы крови 
610 1 |a культурные растения 
610 1 |a биологическое разнообразие 
610 1 |a экосистемы 
610 1 |a синантролизация 
610 1 |a природное наследие 
610 1 |a учебники 
675 |a 574.9(075.8)  |v 3 
701 1 |a Воронов  |b А. Г.  |g Анатолий Георгиевич 
701 1 |a Дроздов  |b Н. Н.  |g Николай Николаевич 
701 1 |a Криволуцкий  |b Д. А.  |g Дмитрий Александрович 
701 1 |a Мяло  |b Е. Г.  |g Елена Григорьевна 
801 1 |a RU  |b 63413507  |c 20030219  |g PSBO 
801 2 |a RU  |b 63413507  |c 20140702  |g PSBO 
900 |a Геоэкология 
942 |c BK 
952 |a 510800  |b 013100